000 005110000a22001810004500
003 MACL
005 20160331115045.0
008 160331b xxu||||| |||| 00| 0 eng d
040 _aMACL
_cMACL
041 _aHindi
082 _a300
100 _aनीरू मलिक
_949113
245 _aभारतीय स्‍त्री रत्‍न
260 _bअनुपम प्रकाशन
_c2007
_aदिल्‍ली
350 _a150
650 _aSociology
_949114
942 _cHIN
_k300
_2ddc
999 _c41076
_d41076